000 00355 a2200157 4500
001 44842
020 _a8573404744
040 _cAnchieta - Aquarius
100 _aRicci, Christine
240 1 0 _aA festa a fantasia da Dora
_lpor
245 1 0 _aA festa a fantasia da Dora
300 _a24
362 0 _a2006
650 4 _aLiteratura infantil
942 _cBK
999 _c44842
_d44842